History Quiz

Random History or Country Quiz

Russia in the Soviet Union Quiz Stats

 Plays Quiz not verified by Sporcle

Support Sporcle.
Go Orange.
Score 0/15 Timer 01:30
0 Plays Today
% Correct
Russia
92.8%
Belarus
66.6%
Ukraine
64.9%
Kazakhstan
64.9%
Lithuania
53.8%
Turkmenistan
46.4%
Uzbekistan
44.5%
Estonia
40.4%
% Correct
Latvia
39.7%
Azerbaijan
39.4%
Tajikistan
38.7%
Georgia
37.5%
Armenia
37%
Moldova
32%
Kyrgyzstan
31.3%

You're not logged in!

Compare scores with friends on all Sporcle quizzes.
OR
Log In

From the Vault

Remove Ads.
Support Sporcle.
Get the best of Sporcle when you Go Orange. This ad-free experience offers more features, more stats, and more fun while also helping to support Sporcle. Thank you for becoming a member.

Show Comments

Extras

Top Quizzes Today


Score Distribution

Your Account Isn't Verified!

In order to create a playlist on Sporcle, you need to verify the email address you used during registration. Go to your Sporcle Settings to finish the process.

Report this User

Report this user for behavior that violates our Community Guidelines.

Details: